Southville International School and Colleges

The Getting of Wisdom (Record no. 258093)

000 -LEADER
fixed length control field 00765cam a22002653a 4500
001 - CONTROL NUMBER
control field 28838
003 - CONTROL NUMBER IDENTIFIER
control field PGUSA
005 - DATE AND TIME OF LATEST TRANSACTION
control field 20140828083626.0
008 - FIXED-LENGTH DATA ELEMENTS--GENERAL INFORMATION
fixed length control field 090501s2009||||xxu|||||s|||||000 1 eng d
040 ## - CATALOGING SOURCE
Original cataloging agency PGUSA
Language of cataloging eng
042 ## - AUTHENTICATION CODE
Authentication code dc
050 #4 - LIBRARY OF CONGRESS CALL NUMBER
Classification number PR
100 1# - MAIN ENTRY--PERSONAL NAME
Personal name Richardson, Henry Handel,
Dates associated with a name 1870-1946
245 14 - TITLE STATEMENT
Title The Getting of Wisdom
Medium [electronic resource] /
Statement of responsibility, etc Henry Handel Richardson
260 ## - PUBLICATION, DISTRIBUTION, ETC. (IMPRINT)
Name of publisher, distributor, etc Project Gutenberg,
Date of publication, distribution, etc 2009
506 ## - RESTRICTIONS ON ACCESS NOTE
Terms governing access Public domain in the USA.
516 ## - TYPE OF COMPUTER FILE OR DATA NOTE
Type of computer file or data note Electronic text
653 ## - INDEX TERM--UNCONTROLLED
Uncontrolled term Melbourne (Vic.) -- Fiction
653 ## - INDEX TERM--UNCONTROLLED
Uncontrolled term Bildungsromans
653 ## - INDEX TERM--UNCONTROLLED
Uncontrolled term Young women -- Fiction
653 ## - INDEX TERM--UNCONTROLLED
Uncontrolled term Autobiographical fiction
830 #0 - SERIES ADDED ENTRY--UNIFORM TITLE
Uniform title Project Gutenberg
Volume number/sequential designation 28838
856 40 - ELECTRONIC LOCATION AND ACCESS
Uniform Resource Identifier http://www.gutenberg.org/ebooks/28838
942 ## - ADDED ENTRY ELEMENTS (KOHA)
Koha item type eBooks
Holdings
Lost status Price effective from Date last seen Damaged status Withdrawn status Permanent Location Date acquired Koha item type Current Location
 2014-08-282014-08-28  Project Gutenberg2014-08-28eBooksProject Gutenberg
Powered by Koha